Native Americans and the environment : perspectives on the ecological Indian
Saved in:
| Other Authors: | , |
|---|---|
| Format: | Book |
| Language: | English |
| Published: |
Lincoln :
University of Nebraska Press,
2007
|
| Subjects: | |
| Tags: |
Add Tag
No Tags, Be the first to tag this record!
|
MARC
| LEADER | 00000nam a2200000 i 4500 | ||
|---|---|---|---|
| 001 | 1/86904 | ||
| 008 | 080528s2007 eng d | ||
| 020 | |a 978-0-8032-7361-0 | ||
| 020 | |a 0-8032-7361-4 | ||
| 035 | |l 10097755 | ||
| 040 | |a GR-MY-UA |b gre |e aacr | ||
| 041 | 0 | |a eng | |
| 082 | 0 | |a 304.208997 |2 (22) | |
| 245 | 1 | 0 | |a Native Americans and the environment : |b perspectives on the ecological Indian / |c edited by Michael Eugene Harkin, David Rich Lewis |
| 260 | |a Lincoln : |b University of Nebraska Press, |c 2007 | ||
| 300 | |a xxxiv, 367 σ.; |c 23 εκ. | ||
| 504 | |a Ευρετήριο: σ. 359-367 | ||
| 650 | 0 | 0 | |a Indigenous peoples |x Ecology |z North America. |
| 650 | 0 | 0 | |a Indian philosophy |z North America. |
| 650 | 0 | 0 | |a Philosophy of nature |z North America. |
| 650 | 0 | 0 | |a Human-animal relationships |z North America. |
| 700 | 1 | |a Harkin, Michael Eugene |d 1958- |4 edt | |
| 700 | 1 | |a Lewis, David Rich. |4 edt | |
| 852 | |a INST |b LESVOS |e 20080528 |h 304.208997 NAT |p 005100042569 |q 005100042569 |t BK |y 0 | ||
| 901 | |a BIBL1-2008-2 | ||
| 909 | |a Λ |b 152190 | ||
| 922 | |a 1ΕΛΗ |b 200803 |c ΕΛΕΥΘΕΡΟΥΔΑΚΗΣ |d 200803 | ||
| 970 | |a ΧΑΤΖΗΜΙΧΑΗΛ |b ΜΑΡΙΑ |z 2008/05/28 | ||